Stay-The Kid LAROI, Justin Bieber (Lyrics) - Statistics

General Stats
  • This quiz has been taken 128 times
  • The average score is 260 of 328
Answer Stats
Lyric % Correct
I
99%
stay
98%
to
96%
you
96%
can
92%
up
92%
need
90%
that
90%
the
90%
never
88%
can't
87%
told
87%
do
86%
fuck
86%
be
85%
same
85%
would
85%
here
83%
when
82%
When
82%
thing
81%
if
80%
I'll
80%
no
80%
right
80%
could
76%
I'm
76%
Oh
76%
oh
76%
fucked
75%
change
74%
good
74%
Know
74%
know
74%
even
73%
as
71%
nobody
71%
your
70%
And
69%
I'd
69%
knew
69%
in
67%
way
67%
me
65%
wake
65%
wasted
65%
else
64%
it
63%
love
61%
miss
60%
So
60%
touch
60%
You're
60%
feel
58%
find
58%
It's
58%
drunk
57%
for
57%
away
56%
difficult
56%
get
56%
without
56%
been
55%
from
55%
leave
55%
time
55%
baby
54%
believe
54%
reason
54%
trust
54%
empty
50%
live
50%
like
49%
realize
49%
still
49%
afraid
48%
handed
48%
Cause
46%
Ain't
45%
ain't
45%
whoa
43%
Whoa
43%
stranded
42%
left
37%
ooh
33%
hey
29%
No matching quizzes found
Score Distribution
Percent of People with Each Score
Percentile by Number Answered
Your Score History
You have not taken this quiz